[Event "Warsaw Szansa op"]
[Site "Warsaw"]
[Date "2022.09.18"]
[Round "7"]
[White "Omar, Mohamed"]
[Black "Padalka, Artem"]
[Result "0-1"]
[WhiteElo "1853"]
[BlackElo "2184"]
[PlyCount "86"]
[EventDate "2022.09.17"]
[EventType "swiss (rapid)"]
[EventRounds "11"]
[EventCountry "POL"]
[SourceTitle "EXT 2023"]
[Source "ChessBase"]
[SourceDate "2022.10.05"]
[SourceVersion "1"]
[SourceVersionDate "2022.10.05"]
[SourceQuality "1"]

1. e4 c5 2. c4 g6 3. Nc3 Bg7 4. Nge2 Nc6 5. g3 d6 6. Bg2 Nf6 7. 0-0 0-0 8. d4 cxd4 9. Nxd4 Be6 10. Nxc6 bxc6 11. Qe2 Qc8 12. Rd1 Qa6 13. Bf1 Nd7 14. Bd2 Ne5 15. c5 Qxe2 16. Bxe2 dxc5 17. Na4 c4 18. Nc5 Bg4 19. Kf1 Nf3 20. Bxf3 Bxf3 21. Rdb1 Bd4 22. Be3 Bxc5 23. Bxc5 Bxe4 24. Rd1 Bd3+ 25. Kg1 Rfe8 26. Rac1 Rad8 27. a3 a6 28. Rd2 Rd5 29. Bb4 e5 30. Rcd1 Red8 31. Bc3 f6 32. f3 Be2 33. Rxd5 cxd5 34. Rd2 Bxf3 35. Rf2 d4 36. Ba5 Rd5 37. Bb6 e4 38. Rd2 d3 39. Kf2 Kf7 40. Be3 g5 41. Ke1 Be2 42. Bg1 Rf5 43. Bf2 e3 0-1

[Event "Warsaw YMCA Winter-B 225th"]
[Site "Warsaw"]
[Date "2020.01.16"]
[Round "2"]
[White "Kasperski, Marcin"]
[Black "Omar, Mohamed"]
[Result "0-1"]
[WhiteElo "1647"]
[BlackElo "1834"]
[PlyCount "134"]
[EventDate "2020.01.09"]
[EventType "tourn"]
[EventRounds "13"]
[EventCountry "POL"]
[SourceTitle "CBM 195 Extra"]
[Source "ChessBase"]
[SourceDate "2020.05.31"]
[SourceVersion "1"]
[SourceVersionDate "2020.05.31"]
[SourceQuality "1"]

1. e4 Nf6 2. e5 Nd5 3. Nc3 e6 4. Nxd5 exd5 5. f4 d6 6. d4 Be7 7. Bd3 dxe5 8. fxe5 c5 9. c3 cxd4 10. cxd4 Bb4+ 11. Kf1 Nc6 12. Be3 Be7 13. a3 Bg5 14. Bf2 Be6 15. Nf3 Bh6 16. b4 Rc8 17. Ra2 0-0 18. h3 Ne7 19. g4 Ng6 20. Rc2 Qe7 21. Bg3 Rxc2 22. Bxc2 Rc8 23. Qd3 Qc7 24. Rh2 Bc1 25. Nh4 Qc3 26. Nxg6 hxg6 27. Be1 Qxd3+ 28. Bxd3 Be3 29. Rc2 Bxd4 30. Bg3 Rc3 31. Rxc3 Bxc3 32. b5 d4 33. Bh4 Kf8 34. Bd8 Bb2 35. a4 Bd5 36. Bc7 Ba3 37. Bb8 Bc5 38. a5 Ke7 39. a6 bxa6 40. bxa6 Kd7 41. Bb5+ Bc6 42. Bc4 Kc8 43. Bd6 Bxd6 44. exd6 Kd7 45. Bxf7 Bb5+ 46. Ke1 g5 47. Bg6 Kxd6 48. Kd2 Bxa6 49. Bf5 Bf1 50. Bc8 Ke5 51. Bd7 Bxh3 52. Ke2 Kf4 53. Kd3 Bxg4 54. Bb5 Ke5 55. Ba6 Bh3 56. Ke2 Be6 57. Kf3 g4+ 58. Kf2 Kf4 59. Bb7 Bc4 60. Bc6 d3 61. Ba4 g3+ 62. Kg1 d2 63. Bd1 Ke3 64. Kg2 Be2 65. Ba4 d1Q 66. Bxd1 Bxd1 67. Kxg3 a5 0-1

[Event "Warsaw YMCA Autumn-A 220th"]
[Site "Warsaw"]
[Date "2019.12.12"]
[Round "13"]
[White "Choroszej, Aleksander"]
[Black "Omar, Mohamed"]
[Result "1-0"]
[WhiteElo "2054"]
[BlackElo "1864"]
[PlyCount "95"]
[EventDate "2019.09.20"]
[EventType "tourn"]
[EventRounds "13"]
[EventCountry "POL"]
[SourceTitle "CBM 195 Extra"]
[Source "ChessBase"]
[SourceDate "2020.05.31"]
[SourceVersion "1"]
[SourceVersionDate "2020.05.31"]
[SourceQuality "1"]

1. d4 d5 2. c4 e6 3. Nc3 c6 4. e3 f5 5. g4 fxg4 6. Qxg4 Nf6 7. Qg2 Bb4 8. Bd3 Qe7 9. Nf3 dxc4 10. Bxc4 Ne4 11. Bd2 Nxd2 12. Nxd2 Nd7 13. 0-0-0 Nb6 14. Bb3 Bxc3 15. bxc3 Bd7 16. Rhg1 g6 17. Kb2 0-0-0 18. Qg3 Be8 19. Ne4 Bf7 20. Ng5 h6 21. Nf3 a5 22. a4 g5 23. Ne5 Bh5 24. Rd2 Be8 25. Nd3 Nd7 26. Ne5 Nb6 27. Rc2 Qd6 28. Qg4 Nd5 29. Nc4 Qxh2 30. Ne5 Rf8 31. Rg2 Qh4 32. Qxe6+ Bd7 33. Nxd7 Rxd7 34. Bxd5 cxd5 35. c4 Qh1 36. cxd5+ Kd8 37. Qb6+ Ke8 38. Rc8+ Kf7 39. Qe6+ Kg7 40. Qxd7+ Rf7 41. Qg4 Qe1 42. f4 Qb4+ 43. Kc1 Qe1+ 44. Kc2 Qxe3 45. Qe2 Qh3 46. Qe5+ Kg6 47. Rg8+ Kh5 48. R8xg5+ 1-0

[Event "Warsaw YMCA Autumn-A 220th"]
[Site "Warsaw"]
[Date "2019.11.29"]
[Round "11"]
[White "Omar, Mohamed"]
[Black "Poniewierski, Piotr"]
[Result "0-1"]
[WhiteElo "1864"]
[BlackElo "1875"]
[PlyCount "88"]
[EventDate "2019.09.20"]
[EventType "tourn"]
[EventRounds "13"]
[EventCountry "POL"]
[SourceTitle "CBM 195 Extra"]
[Source "ChessBase"]
[SourceDate "2020.05.31"]
[SourceVersion "1"]
[SourceVersionDate "2020.05.31"]
[SourceQuality "1"]

1. f4 d5 2. Nf3 g6 3. e3 Bg7 4. d4 Nh6 5. Bd3 c6 6. 0-0 0-0 7. c3 Bg4 8. Nbd2 Nd7 9. Qe1 f6 10. e4 Qc7 11. e5 fxe5 12. fxe5 c5 13. Qh4 Bf5 14. Bxf5 Nxf5 15. Qh3 Qb6 16. g4 cxd4 17. gxf5 dxc3+ 18. Kh1 cxd2 19. fxg6 Qxg6 20. Bxd2 Qd3 21. Bh6 Bxh6 22. Qxh6 Kh8 23. Rad1 Qe4 24. Rde1 Qg6 25. Qh4 e6 26. Rg1 Qf7 27. Ng5 Qe7 28. Qh6 Rg8 29. Nxe6 Rxg1+ 30. Rxg1 Rg8 31. Nf4 Rxg1+ 32. Kxg1 Nxe5 33. Nxd5 Qc5+ 34. Ne3 Ng4 35. Qh4 Qxe3+ 36. Kg2 Qe6 37. Qd8+ Kg7 38. Qg5+ Kf7 39. Qh5+ Kg8 40. Qg5+ Kh8 41. Qd8+ Qg8 42. Qd4+ Nf6+ 43. Kf1 Qe6 44. Qxa7 Qa6+ 0-1

[Event "Warsaw YMCA Autumn-A 220th"]
[Site "Warsaw"]
[Date "2019.11.07"]
[Round "8"]
[White "Kosny, Marek"]
[Black "Omar, Mohamed"]
[Result "1/2-1/2"]
[WhiteElo "1861"]
[BlackElo "1864"]
[PlyCount "90"]
[EventDate "2019.09.20"]
[EventType "tourn"]
[EventRounds "13"]
[EventCountry "POL"]
[SourceTitle "CBM 195 Extra"]
[Source "ChessBase"]
[SourceDate "2020.05.31"]
[SourceVersion "1"]
[SourceVersionDate "2020.05.31"]
[SourceQuality "1"]

1. Nf3 d5 2. d4 e6 3. c4 Nf6 4. Nc3 Be7 5. Bg5 0-0 6. e3 h6 7. Bh4 a6 8. a3 Nbd7 9. Rc1 dxc4 10. Bxc4 b5 11. Ba2 c5 12. 0-0 Bb7 13. Bb1 b4 14. axb4 cxb4 15. Ne2 Rc8 16. Qd3 Qb6 17. Ne5 Be4 18. Qd2 g5 19. Nxd7 Nxd7 20. Bxg5 hxg5 21. Bxe4 a5 22. Rc2 Nf6 23. Bd3 a4 24. e4 Nh7 25. Rfc1 Qb7 26. Rc4 Rxc4 27. Rxc4 Rc8 28. Qc2 Rxc4 29. Qxc4 a3 30. Qb3 Qa7 31. Bb1 Nf6 32. bxa3 bxa3 33. Qc2 Qa5 34. Kf1 e5 35. f3 Kg7 36. Ba2 Bd6 37. Qc4 Qa7 38. Ng3 Ne8 39. Qd5 Qc7 40. Nf5+ Kg6 41. Nxd6 Qc1+ 42. Ke2 Qc2+ 43. Ke1 Qc1+ 44. Kf2 Qd2+ 45. Kf1 Qd1+ 1/2-1/2

[Event "Warsaw YMCA Autumn-A 220th"]
[Site "Warsaw"]
[Date "2019.11.01"]
[Round "7"]
[White "Omar, Mohamed"]
[Black "Staniak, Mariusz"]
[Result "1-0"]
[WhiteElo "1864"]
[BlackElo "1808"]
[PlyCount "45"]
[EventDate "2019.09.20"]
[EventType "tourn"]
[EventRounds "13"]
[EventCountry "POL"]
[SourceTitle "CBM 195 Extra"]
[Source "ChessBase"]
[SourceDate "2020.05.31"]
[SourceVersion "1"]
[SourceVersionDate "2020.05.31"]
[SourceQuality "1"]

1. e4 e5 2. d4 exd4 3. c3 d5 4. Qxd4 dxe4 5. Qxe4+ Qe7 6. Qxe7+ Bxe7 7. Bf4 c6 8. Bc4 Nf6 9. Nf3 0-0 10. 0-0 Nbd7 11. Nbd2 Nb6 12. Bb3 Nbd5 13. Bg5 h6 14. Bh4 Bf5 15. Nd4 Bg6 16. N2f3 Bd6 17. Bg3 Bxg3 18. hxg3 Rfe8 19. Rfe1 a5 20. a3 Rad8 21. Ne5 Kf8 22. Nxg6+ fxg6 23. Ne6+ 1-0

[Event "Warsaw YMCA Autumn-A 220th"]
[Site "Warsaw"]
[Date "2019.10.25"]
[Round "6"]
[White "Moskwinski, Marek"]
[Black "Omar, Mohamed"]
[Result "1-0"]
[WhiteElo "1940"]
[BlackElo "1864"]
[PlyCount "63"]
[EventDate "2019.09.20"]
[EventType "tourn"]
[EventRounds "13"]
[EventCountry "POL"]
[SourceTitle "CBM 195 Extra"]
[Source "ChessBase"]
[SourceDate "2020.05.31"]
[SourceVersion "1"]
[SourceVersionDate "2020.05.31"]
[SourceQuality "1"]

1. e4 b6 2. d4 Bb7 3. Nc3 g6 4. Be3 Bg7 5. Qd2 d6 6. 0-0-0 Nd7 7. Bb5 e6 8. f3 h6 9. Nge2 Ne7 10. g4 c6 11. Bd3 Qc7 12. Kb1 0-0-0 13. Rc1 Kb8 14. Bf2 a6 15. Nd1 Ka7 16. h4 e5 17. c3 Rhf8 18. Ne3 c5 19. d5 b5 20. b4 Ka8 21. c4 Qb6 22. a3 Rc8 23. cxb5 axb5 24. Nc3 Ba6 25. a4 bxa4 26. b5 a3 27. Nc4 Qb8 28. Qa2 Bxb5 29. Nxb5 Qxb5+ 30. Ka1 Rc7 31. Rc3 Ra7 32. Rb1 1-0

[Event "Warsaw YMCA Summer-A 217th"]
[Site "Warsaw"]
[Date "2019.07.31"]
[Round "7"]
[White "Szewczak, Andrzej"]
[Black "Omar, Mohamed"]
[Result "1-0"]
[WhiteElo "1720"]
[BlackElo "1802"]
[PlyCount "95"]
[EventDate "2019.07.03"]
[EventType "swiss"]
[EventRounds "10"]
[EventCountry "POL"]
[SourceTitle "EXT 2020"]
[Source "ChessBase"]
[SourceDate "2019.10.17"]
[SourceVersion "1"]
[SourceVersionDate "2019.10.17"]
[SourceQuality "1"]

1. e4 Nf6 2. Nc3 d5 3. e5 d4 4. exf6 dxc3 5. fxg7 cxd2+ 6. Bxd2 Bxg7 7. Qh5 Qd6 8. Bc4 Qe5+ 9. Qxe5 Bxe5 10. 0-0-0 Nc6 11. Nf3 Bd6 12. h3 Bf5 13. Bd5 Nd8 14. Nd4 Bd7 15. Rhe1 c5 16. Nf3 Rg8 17. g4 Bc6 18. Bg5 Bxd5 19. Rxd5 Ne6 20. Bd2 0-0-0 21. Ne5 Nc7 22. Rd3 Bxe5 23. Rxd8+ Kxd8 24. Rxe5 b6 25. Rh5 Rg7 26. Bh6 Rg6 27. Be3 Rg7 28. Kd2 Kd7 29. Kd3 e6 30. Bh6 Rg6 31. c4 Ne8 32. Bf4 Rg7 33. Bh6 Rg6 34. Bd2 Nf6 35. Rh4 Ke7 36. g5 Nd7 37. Rxh7 Ne5+ 38. Kc3 Nf3 39. h4 Nxd2 40. Kxd2 Kf8 41. Ke3 Kg8 42. Rh5 f6 43. Ke4 Kg7 44. f4 a6 45. f5 exf5+ 46. Kxf5 b5 47. b3 b4 48. Rh6 1-0

[Event "Warsaw YMCA Summer-A 217th"]
[Site "Warsaw"]
[Date "2019.07.17"]
[Round "3"]
[White "Omar, Mohamed"]
[Black "Sloniewski, Michal"]
[Result "1/2-1/2"]
[WhiteElo "1802"]
[BlackElo "1744"]
[PlyCount "94"]
[EventDate "2019.07.03"]
[EventType "swiss"]
[EventRounds "10"]
[EventCountry "POL"]
[SourceTitle "EXT 2020"]
[Source "ChessBase"]
[SourceDate "2019.10.17"]
[SourceVersion "1"]
[SourceVersionDate "2019.10.17"]
[SourceQuality "1"]

1. f4 Nf6 2. Nf3 d5 3. e3 a6 4. d4 g6 5. Bd3 Bg7 6. 0-0 0-0 7. c3 Bf5 8. Bxf5 gxf5 9. Nbd2 c5 10. Ne5 Nc6 11. Nxc6 bxc6 12. Qa4 cxd4 13. exd4 Qb6 14. Nb3 Ne4 15. Be3 Kh8 16. Rab1 Rg8 17. Nc5 Nxc5 18. dxc5 Qb5 19. Qd1 Qc4 20. a3 Qe4 21. Qf3 Qxf3 22. Rxf3 Rab8 23. Bd4 Rb3 24. Bxg7+ Rxg7 25. Rf2 Rg8 26. Re1 e6 27. Ree2 Rgb8 28. a4 Kg7 29. Rd2 Kf6 30. Kf1 Kg6 31. Rfe2 Re8 32. Ke1 f6 33. Kd1 e5 34. Kc2 Reb8 35. Kc1 e4 36. g3 h5 37. h4 Kf7 38. Rd4 Ke6 39. Rdd2 a5 40. Kd1 R3b7 41. Ke1 Rg8 42. Re3 Rb3 43. Kf2 Ke7 44. Ree2 Rgb8 45. Ke3 Rg8 46. Rg2 Ke6 47. Kf2 Rgb8 1/2-1/2

[Event "Warsaw YMCA Winter-B 210th"]
[Site "Warsaw"]
[Date "2019.03.07"]
[Round "10"]
[White "Kwiecinski, Rafal"]
[Black "Omar, Mohamed"]
[Result "1/2-1/2"]
[WhiteElo "1565"]
[BlackElo "1788"]
[PlyCount "76"]
[EventDate "2019.01.09"]
[EventType "swiss"]
[EventRounds "13"]
[EventCountry "POL"]
[SourceTitle "CBM 189 Extra"]
[Source "ChessBase"]
[SourceDate "2019.05.31"]
[SourceVersion "1"]
[SourceVersionDate "2019.05.31"]
[SourceQuality "1"]

1. e4 b6 2. d4 Bb7 3. Nd2 e6 4. Ngf3 c5 5. c3 cxd4 6. cxd4 Bb4 7. Bd3 Ne7 8. a3 Bxd2+ 9. Bxd2 Ba6 10. Bb4 Bxd3 11. Qxd3 d5 12. e5 Nbc6 13. Qb5 Qd7 14. Bxe7 Nxe7 15. Qxd7+ Kxd7 16. Rc1 h6 17. h4 Rac8 18. Kd2 Nc6 19. b4 a6 20. Rhe1 Rc7 21. Re3 Rhc8 22. Rec3 Na7 23. Rxc7+ Rxc7 24. Rxc7+ Kxc7 25. Kc3 a5 26. g4 axb4+ 27. Kxb4 Nc6+ 28. Kc3 Kd7 29. h5 Ke7 30. Nh4 f6 31. Ng6+ Kf7 32. f4 f5 33. gxf5 exf5 34. Nh4 Ke6 35. Nf3 Kf7 36. Nh4 Ke6 37. Nf3 Kf7 38. Nh4 Ke6 1/2-1/2

[Event "Warsaw YMCA Winter-B 210th"]
[Site "Warsaw"]
[Date "2019.02.28"]
[Round "9"]
[White "Omar, Mohamed"]
[Black "Dominiczak, Adrian"]
[Result "1-0"]
[WhiteElo "1788"]
[BlackElo "1729"]
[PlyCount "111"]
[EventDate "2019.01.09"]
[EventType "swiss"]
[EventRounds "13"]
[EventCountry "POL"]
[SourceTitle "CBM 189 Extra"]
[Source "ChessBase"]
[SourceDate "2019.05.31"]
[SourceVersion "1"]
[SourceVersionDate "2019.05.31"]
[SourceQuality "1"]

1. e4 e6 2. d3 d5 3. Nd2 c5 4. Ngf3 Nc6 5. g3 Nf6 6. Bg2 Be7 7. 0-0 0-0 8. Re1 h6 9. h4 Re8 10. e5 Nd7 11. Nf1 Qc7 12. Bf4 Qb6 13. Rb1 Qa5 14. a3 Rb8 15. N1h2 b5 16. Ng4 Bf8 17. Qc1 Ne7 18. Nxh6+ gxh6 19. Bxh6 Bxh6 20. Qxh6 Nf5 21. Qg5+ Kf8 22. g4 Nd4 23. h5 Nxf3+ 24. Bxf3 Qd8 25. Qf4 Qh4 26. Kg2 f6 27. exf6 Qxf6 28. Qd6+ Qe7 29. Rxe6 Qxd6 30. Rxd6 Ne5 31. g5 Nxf3 32. Kxf3 Rb6 33. Rxb6 axb6 34. Rh1 Kg7 35. Rh4 Re5 36. h6+ Kh8 37. g6 Rg5 38. g7+ Kh7 39. Rf4 Be6 40. Rf6 Rg6 41. Rxg6 Kxg6 42. Kf4 Kf6 43. h7 Kxg7 44. Ke5 Bf7 45. Kd6 d4 46. Kc6 Bc4 47. Kxb6 Bxd3 48. Kxc5 Bxh7 49. Kxb5 Bxc2 50. Kc4 d3 51. Kc3 Ba4 52. Kxd3 Kf6 53. Kc4 Ke5 54. b3 Bd7 55. Kc5 Be6 56. b4 1-0

[Event "Warsaw YMCA Winter-B 210th"]
[Site "Warsaw"]
[Date "2019.02.07"]
[Round "5"]
[White "Omar, Mohamed"]
[Black "Sieczkowski, Adam"]
[Result "1/2-1/2"]
[WhiteElo "1788"]
[BlackElo "1638"]
[PlyCount "145"]
[EventDate "2019.01.09"]
[EventType "swiss"]
[EventRounds "13"]
[EventCountry "POL"]
[SourceTitle "CBM 189 Extra"]
[Source "ChessBase"]
[SourceDate "2019.05.31"]
[SourceVersion "1"]
[SourceVersionDate "2019.05.31"]
[SourceQuality "1"]

1. Nf3 c5 2. g3 Nf6 3. Bg2 Nc6 4. 0-0 e5 5. d3 Be7 6. Nbd2 0-0 7. e4 d6 8. h3 h6 9. Nc4 Be6 10. Ne3 Re8 11. Nh4 Bf8 12. c3 g6 13. Nd5 Nh5 14. Kh2 b5 15. Qf3 Bxd5 16. exd5 Ne7 17. Qe2 Rb8 18. Be3 Nf4 19. gxf4 exf4 20. Qg4 fxe3 21. fxe3 Bg7 22. Rxf7 Be5+ 23. Rf4 Kg7 24. Be4 g5 25. Kh1 Bxf4 26. exf4 Rg8 27. fxg5 Qf8 28. g6 Qf6 29. Re1 Rgf8 30. Bg2 Rbe8 31. Rf1 Qg5 32. Rxf8 Rxf8 33. Qxg5 hxg5 34. Nf3 Kxg6 35. c4 bxc4 36. dxc4 Rf4 37. b3 Nf5 38. Kg1 Nh4 39. Ne1 Nxg2 40. Kxg2 Kf5 41. Nf3 g4 42. hxg4+ Kxg4 43. Nd2 Rd4 44. Nf1 Rd3 45. Kf2 Rc3 46. Nd2 Kf4 47. Ke2 Rc2 48. Kd3 Rxa2 49. Ne4 Ke5 50. Ng5 Rf2 51. Ne6 Rf3+ 52. Kc2 Rf6 53. Nc7 Rf7 54. Ne6 Re7 55. Nd8 Ke4 56. Ne6 Kf5 57. Nd8 Kf6 58. Nc6 Rh7 59. Nd8 Ke5 60. Ne6 Kf5 61. Kc3 Rh3+ 62. Kc2 Rg3 63. Nc7 Ke5 64. Ne6 Rg6 65. Nd8 Rg7 66. Ne6 Re7 67. Nd8 Kf5 68. Nc6 Rd7 69. Kd3 Kf4 70. Kc3 Ke4 71. Nb8 Rg7 72. Nc6 Rg1 73. Nxa7 1/2-1/2

[Event "Warsaw YMCA Winter-B 210th"]
[Site "Warsaw"]
[Date "2019.01.10"]
[Round "1"]
[White "Omar, Mohamed"]
[Black "Jarmolowski, Tadeusz"]
[Result "1-0"]
[WhiteElo "1788"]
[BlackElo "1680"]
[PlyCount "65"]
[EventDate "2019.01.09"]
[EventType "swiss"]
[EventRounds "13"]
[EventCountry "POL"]
[SourceTitle "CBM 189 Extra"]
[Source "ChessBase"]
[SourceDate "2019.05.31"]
[SourceVersion "1"]
[SourceVersionDate "2019.05.31"]
[SourceQuality "1"]

1. Nf3 c5 2. g3 Nc6 3. Bg2 Nf6 4. d3 d5 5. 0-0 Bg4 6. Nbd2 e6 7. e4 Be7 8. c3 0-0 9. Qc2 Rc8 10. Re1 Qc7 11. Nf1 h6 12. h3 Bxf3 13. Bxf3 Ne5 14. Bg2 Ng6 15. Qe2 Rfe8 16. h4 dxe4 17. dxe4 Bd6 18. h5 Ne5 19. f4 Nfg4 20. fxe5 Nxe5 21. Bf4 c4 22. Bxe5 Bxe5 23. Kh2 Qe7 24. Rad1 Rc5 25. Bh3 f5 26. exf5 exf5 27. Kg2 Qg5 28. Qe3 Qe7 29. Bxf5 Rf8 30. Rd7 Qf6 31. Qxc5 Qxf5 32. Qxe5 Qxd7 33. Qe6+ 1-0

[Event "Warsaw YMCA Spring-A 183rd"]
[Site "Warsaw"]
[Date "2017.06.09"]
[Round "11"]
[White "Omar, Mohamed"]
[Black "Pesko, Tomasz"]
[Result "1/2-1/2"]
[WhiteElo "1764"]
[BlackElo "1802"]
[PlyCount "60"]
[EventDate "2017.04.06"]
[EventType "tourn"]
[EventRounds "13"]
[EventCountry "POL"]
[SourceTitle "EXT 2018"]
[Source "ChessBase"]
[SourceDate "2017.10.13"]
[SourceVersion "1"]
[SourceVersionDate "2017.10.13"]
[SourceQuality "1"]

1. Nf3 g6 2. g3 Bg7 3. Bg2 d6 4. 0-0 Nf6 5. d3 0-0 6. e4 e5 7. Nc3 c6 8. h3 b5 9. Be3 Nbd7 10. Nh2 Nh5 11. Ne2 Qc7 12. c3 Rb8 13. f4 exf4 14. gxf4 Re8 15. Qe1 f5 16. Qf2 Nb6 17. Bd4 c5 18. Bxg7 Kxg7 19. Rae1 Qf7 20. e5 Nd7 21. d4 Bb7 22. Bxb7 Rxb7 23. exd6 cxd4 24. Qxd4+ Qf6 25. Qd5 Rb6 26. Nd4 Nxf4 27. Qf3 Ne6 28. Qd5 Nf4 29. Qf3 Ne6 30. Qd5 Nf4 1/2-1/2

[Event "Warsaw YMCA Spring-A 183rd"]
[Site "Warsaw"]
[Date "2017.05.11"]
[Round "6"]
[White "Szewczak, Andrzej"]
[Black "Omar, Mohamed"]
[Result "0-1"]
[WhiteElo "1789"]
[BlackElo "1764"]
[PlyCount "88"]
[EventDate "2017.04.06"]
[EventType "tourn"]
[EventRounds "13"]
[EventCountry "POL"]
[SourceTitle "EXT 2018"]
[Source "ChessBase"]
[SourceDate "2017.10.13"]
[SourceVersion "1"]
[SourceVersionDate "2017.10.13"]
[SourceQuality "1"]

1. e4 Nf6 2. Nc3 d5 3. e5 d4 4. exf6 dxc3 5. fxg7 cxd2+ 6. Bxd2 Bxg7 7. c3 0-0 8. Qh5 Be6 9. Nf3 Qd5 10. Qxd5 Bxd5 11. Be2 Rd8 12. Be3 Nc6 13. 0-0 Rd7 14. a4 Na5 15. Nd2 Rad8 16. Ra3 Be6 17. Nf3 Nc4 18. Raa1 Nxb2 19. Bd4 Bc4 20. Bxc4 Nxc4 21. g3 e5 22. Bxa7 b6 23. a5 Nxa5 24. Ng5 Ra8 25. Rxa5 bxa5 26. Bc5 a4 27. Ra1 Rd3 28. Ra3 h6 29. Nh3 Rd5 30. Be3 Rb5 31. Kg2 Rb3 32. Ra2 Rxc3 33. Ng1 a3 34. Ne2 Rb3 35. Bc1 Bf8 36. g4 Rd8 37. Rc2 c5 38. Nc3 Ra8 39. Na2 e4 40. h4 Ra5 41. Nc3 Bg7 42. Na2 Rb2 43. Rd2 Rxd2 44. Bxd2 Rb5 0-1

[Event "Warsaw YMCA Spring-A 183rd"]
[Site "Warsaw"]
[Date "2017.05.03"]
[Round "5"]
[White "Omar, Mohamed"]
[Black "Moskwinski, Marek"]
[Result "1/2-1/2"]
[WhiteElo "1764"]
[BlackElo "1806"]
[PlyCount "112"]
[EventDate "2017.04.06"]
[EventType "tourn"]
[EventRounds "13"]
[EventCountry "POL"]
[SourceTitle "EXT 2018"]
[Source "ChessBase"]
[SourceDate "2017.10.13"]
[SourceVersion "1"]
[SourceVersionDate "2017.10.13"]
[SourceQuality "1"]

1. b3 d5 2. f4 Nf6 3. Nf3 g6 4. Bb2 Bg7 5. e3 c5 6. c4 0-0 7. Bd3 b6 8. 0-0 Bb7 9. Nc3 Na6 10. Rc1 Nb4 11. Bb1 dxc4 12. bxc4 Nd3 13. Bxd3 Qxd3 14. Ne5 Qd8 15. Qc2 Nd7 16. Ne2 Nxe5 17. fxe5 f6 18. d4 Bh6 19. Nf4 cxd4 20. Bxd4 Bxf4 21. Rxf4 Qc7 22. Qb2 fxe5 23. Bxe5 Qc6 24. Rcf1 Rxf4 25. Rxf4 Rd8 26. Rf1 Qe4 27. Bf4 Rf8 28. Qe2 Rf5 29. Bh6 Ba6 30. Rxf5 Qxf5 31. Qd2 Kf7 32. h3 Bxc4 33. a3 Bd5 34. Bf4 Qe4 35. Bb8 a6 36. Bc7 b5 37. Bb6 Qb1+ 38. Kh2 Qa2 39. Qxa2 Bxa2 40. Kg3 Ke6 41. Bc5 Bd5 42. Bb4 Bc6 43. Kf2 Kf6 44. g3 e5 45. Ke2 e4 46. h4 Ke5 47. Kd2 Bd7 48. Ba5 Bc8 49. Bb4 h5 50. Ba5 Kd5 51. Kc3 Kc6 52. Kd4 Bf5 53. Bd8 Kd7 54. Ba5 Kc6 55. Bd8 Kd7 56. Ba5 Kc6 1/2-1/2

[Event "Warsaw YMCA Spring-A 183rd"]
[Site "Warsaw"]
[Date "2017.04.27"]
[Round "4"]
[White "Kasperski, Marcin"]
[Black "Omar, Mohamed"]
[Result "0-1"]
[WhiteElo "1788"]
[BlackElo "1764"]
[PlyCount "104"]
[EventDate "2017.04.06"]
[EventType "tourn"]
[EventRounds "13"]
[EventCountry "POL"]
[SourceTitle "EXT 2018"]
[Source "ChessBase"]
[SourceDate "2017.10.13"]
[SourceVersion "1"]
[SourceVersionDate "2017.10.13"]
[SourceQuality "1"]

1. c4 e5 2. g3 f5 3. Bg2 Nf6 4. Nc3 Bb4 5. Nd5 Bc5 6. e3 c6 7. Nxf6+ Qxf6 8. Ne2 d6 9. Rb1 0-0 10. b4 Bb6 11. Bb2 Qf7 12. d3 f4 13. exf4 exf4 14. Nxf4 g5 15. Qd2 gxf4 16. Qc3 Qe6+ 17. Kd2 Qe5 18. Qxe5 dxe5 19. Bxe5 f3 20. Bf1 Bxf2 21. h4 Nd7 22. Bf4 Nf6 23. Kc3 Bg4 24. Rh2 Bg1 25. Rhb2 Rad8 26. Kb3 Bd4 27. Rd2 Nh5 28. Bh6 Rfe8 29. Bg5 Rd6 30. c5 Rde6 31. Kc4 Be3 32. Bxe3 Rxe3 33. b5 Re1 34. Rdb2 Nxg3 35. bxc6 bxc6 36. Rxe1 Rxe1 37. Bg2 Re2 38. Rb8+ Kg7 39. Rb7+ Kg6 40. Bxf3 Bxf3 41. Rxa7 Rxa2 42. Re7 Bd5+ 43. Kb4 Rh2 44. Re8 Rxh4+ 45. Kc3 Nf5 46. Re2 h5 47. Rf2 Rg4 48. Kd2 h4 49. Ke2 Rg2 50. Rxg2+ Bxg2 51. Kf2 h3 52. Kg1 Kg5 0-1

[Event "Warsaw YMCA Winter-B 179th"]
[Site "Warsaw"]
[Date "2017.03.09"]
[Round "9"]
[White "Chmielewska, Joanna"]
[Black "Omar, Mohamed"]
[Result "1/2-1/2"]
[WhiteElo "1782"]
[BlackElo "1760"]
[PlyCount "125"]
[EventDate "2017.01.11"]
[EventType "tourn"]
[EventRounds "11"]
[EventCountry "POL"]
[SourceTitle "EXT 2018"]
[Source "ChessBase"]
[SourceDate "2017.10.13"]
[SourceVersion "1"]
[SourceVersionDate "2017.10.13"]
[SourceQuality "1"]

1. e4 d5 2. exd5 Qxd5 3. Nc3 Qa5 4. Bc4 Nf6 5. d3 c6 6. Bd2 Qc7 7. Nge2 Bg4 8. f3 Bh5 9. Bf4 e5 10. Bg5 Nbd7 11. Qd2 a5 12. a4 h6 13. Bh4 Bb4 14. 0-0-0 0-0-0 15. Qe3 Bc5 16. Qd2 Nb6 17. Bb3 g5 18. Bg3 Qd7 19. Kb1 Rhe8 20. Ne4 Nxe4 21. fxe4 Bb4 22. Qe3 Bxe2 23. Qxe2 Qe7 24. Rhf1 f6 25. Bf2 Nd7 26. Qh5 Rh8 27. Be3 Bc5 28. Bd2 Bb6 29. Qf3 Rdf8 30. Bc3 Nc5 31. Qf5+ Kb8 32. d4 Nxb3 33. cxb3 Bc7 34. d5 c5 35. Qe6 Qxe6 36. dxe6 Rh7 37. Rd7 Rxd7 38. exd7 b6 39. d8Q+ Bxd8 40. Bxe5+ Kc8 41. Bc3 Kd7 42. Kc2 Ke6 43. Kd3 Bc7 44. h3 Rd8+ 45. Kc4 Be5 46. Rf2 Rd6 47. Kb5 Bd4 48. Rf5 Ke7 49. Kc4 Bxc3 50. bxc3 Kd7 51. Rd5 Kc7 52. Rxd6 Kxd6 53. Kb5 Kc7 54. Ka6 h5 55. Kb5 h4 56. b4 axb4 57. cxb4 cxb4 58. Kxb4 Kc6 59. Kc4 Kd6 60. Kb5 Kc7 61. Kb4 Kc6 62. Kc4 Kd6 63. Kb4 1/2-1/2

[Event "Warsaw YMCA Winter-B 179th"]
[Site "Warsaw"]
[Date "2017.02.16"]
[Round "6"]
[White "Omar, Mohamed"]
[Black "Matyszkiewicz, Wiktor"]
[Result "0-1"]
[WhiteElo "1760"]
[BlackElo "1783"]
[PlyCount "56"]
[EventDate "2017.01.11"]
[EventType "tourn"]
[EventRounds "11"]
[EventCountry "POL"]
[SourceTitle "EXT 2018"]
[Source "ChessBase"]
[SourceDate "2017.10.13"]
[SourceVersion "1"]
[SourceVersionDate "2017.10.13"]
[SourceQuality "1"]

1. e4 c5 2. Nc3 Nc6 3. g3 g6 4. Bg2 Bg7 5. d3 Nf6 6. Be3 d6 7. h3 Bd7 8. Qd2 0-0 9. Bh6 Qb6 10. Bxg7 Kxg7 11. Rb1 Nd4 12. Nge2 Rac8 13. Nf4 c4 14. Nfd5 Nxd5 15. Nxd5 Qc5 16. c3 Nc6 17. d4 Qa5 18. a3 f5 19. h4 fxe4 20. Bxe4 Bf5 21. Qe3 e5 22. Nb4 exd4 23. Nxc6 dxe3 24. Nxa5 exf2+ 25. Kxf2 Bxe4+ 26. Ke3 Bxh1 27. Rxh1 Rc7 28. Kd4 Rfc8 0-1

[Event "Warsaw YMCA Winter-B 179th"]
[Site "Warsaw"]
[Date "2017.02.09"]
[Round "5"]
[White "Omar, Mohamed"]
[Black "Wrabel, Antoni"]
[Result "1/2-1/2"]
[WhiteElo "1760"]
[BlackElo "1592"]
[PlyCount "43"]
[EventDate "2017.01.11"]
[EventType "tourn"]
[EventRounds "11"]
[EventCountry "POL"]
[SourceTitle "EXT 2018"]
[Source "ChessBase"]
[SourceDate "2017.10.13"]
[SourceVersion "1"]
[SourceVersionDate "2017.10.13"]
[SourceQuality "1"]

1. Nf3 d5 2. g3 c6 3. Bg2 Bg4 4. 0-0 Nd7 5. d3 e6 6. Nbd2 Bd6 7. e4 Rc8 8. c3 Ne7 9. Qc2 0-0 10. Re1 Bb8 11. Nf1 Bh5 12. Nh4 Ng6 13. Nxg6 Bxg6 14. Be3 f5 15. f4 fxe4 16. dxe4 Nf6 17. Bd4 Nxe4 18. Bxe4 Bxe4 19. Qe2 c5 20. Bf2 Rc6 21. Nd2 Bg6 22. Nf3 1/2-1/2